1479 1425 1870 1698 1850 1627 1063 1590 1237 1209 1014 1152 1749 1091 1043 1504 1224 1914 1646 1675 1220 1363 1727 1485 1092 1067 1987 1114 1971 1621 1419 1538 1054 1738 1062 1196 1715 1566 1512 1406 1745 1711 1694 1466 1031 1680 1211 1094 1669 1967 1245 1013 1723 1403 1630 1840 1282 1104 1375 1640 1657 1859 1537 1133 1785 1937 1263 1992 1528 1221 1202 1532 1611 1460 1207 1394 1420 1732 1204 1162 1967 1020 1047 1216 1406 1734 1499 1092 1903 1096 1653 1974 1742 1029 1572 1937 1290 1768 1969 BCNSPRNW ULIB Ver.6.0+V

เปลี่ยนเป็นภาษาไทย

Change to English
 แสดงรายละเอียดบรรณานุกรม
  กลับหน้าหลัก

Brief Record : Get Marc (ISO 2709) : E-mail record : QR code < ปิดหน้าต่าง
LEADER : 00000nam 2200000uu 4500
001    13399127922
003     ULIB
008    211108s2563||||th 000 0 tha d
020    ^a9786160448791
060 04 ^aWS103^bย112ค
100 0  ^aยะซึมิ,คะสึโอะ
245 10 ^aคู่มือดูแลเด็ก 3-5 ปีตามพัฒนาการ / ^cผู้เขียน Katsuo Yasumi ; ผู้แปล นงนุช เอี่ยมกระสินธุ์
250    ^aพิมพ์ครั้งที่ 1
260    ^aกรุงเทพฯ :^bนามมีบุ๊คส์,^c2563
300    ^a128 หน้า :^bภาพประกอบ ;^c21 ซม.
505 0  ^aสารบัญ : บทที่ 1 เด็ก ๆ ที่เริ่มเข้าโรงเรียนและเลื่อนชั้น -- บทที่ 2 ปฏิสัมพันธ์เพื่อเชื่อมโยงเด็กๆ เข้าด้วยกัน --บทที่ 3 สนุกกับฤดูร้อน -- บทที่ 4 เข้าใจความรู้สึกของเด็กเพื่อให้ดูแลเด็กได้อย่างเต็มความสามารถ -- บทที่ 5 ปฏิสัมพันธ์ที่ให้ความสำคัญกับการสร้างตัวตน -- บทที่ 6 การเตรียมตัวเพื่อเลื่อนชั้นและขึ้นชั้นประถม
520 2  ^aสาระสังเขป : หนังสือคู่มือครูที่รวบรวมวิธีการและเทคนิคการดูแลเด็ก 3-5 ปีไว้ โดยคำนึงถึงพัฒนาการเด็กในแต่ละช่วงวัยเป็นสำคัญ คุณครูและผู้ดูแลเด็ก สามารถนำไปปรับใช้ได้อย่างเหมาะสม เช่น เทคนิคการปรับอารมณ์เด็กอย่างรวดเร็ว เทคนิคครูกับผู้ปกครองคุยกันอย่างสนิทสนม เทคนิคกระตุ้นความอยากรู้อยากเห็นของเด็ก ๆ เป็นต้น มีกรณีศึกษาต่าง ๆ ที่พบบ่อยในโรงเรียนและแนะนำวิธีดูแลเด็กอย่างเหมาะสม มีภาพประกอบเป็นการ์ตูนที่มีความน่าสนใจและช่วยทำให้เข้าใจในกรณีศึกษามากขึ้น
650 07 ^aเด็ก^xการดูแล
700 0  ^aนงนุช เอี่ยมกระสินธุ์,^eผู้แปล
945    ^p175^l0^i29102
945    ^p175^l0^i29103
945    ^p175^l0^i29104
945    ^p175^l0^i29105
945    ^p175^l0^i29106
999    ^aกัณชพร จุลอักษร
รายการนี้ยังไม่มีแท็ก
คุณยังไม่ได้ล็อกอิน คุณสามารถมีกิจกรรมร่วมกับเว็บไซต์ได้ แต่ต้องล็อกอินก่อน ::
  ล็อกอิน

รายการสื่อสารสนเทศ

ลำดับที่ ประเภท เลขเรียก/บาร์โค้ด สถานที่ สถานะ
1. หนังสือสำรอง
หนังสือสำรอง
WS103 ย112ค ฉ.1 
  Barcode: 29102
ห้องสมุดวิทยาเขตนครสวรรค์
►หนังสือทั่วไป:l:General Books
บนชั้น
2. วิทยาศาสตร์การแพทย์ และสุขภาพ
วิทยาศาสตร์การแพทย์ และสุขภาพ
WS103 ย112ค ฉ.2 
  Barcode: 29103
ห้องสมุดวิทยาเขตนครสวรรค์
►หนังสือทั่วไป:l:General Books
บนชั้น
3. วิทยาศาสตร์การแพทย์ และสุขภาพ
วิทยาศาสตร์การแพทย์ และสุขภาพ
WS103 ย112ค ฉ.3 
  Barcode: 29104
ห้องสมุดวิทยาเขตนครสวรรค์
►หนังสือทั่วไป:l:General Books
บนชั้น
4. วิทยาศาสตร์การแพทย์ และสุขภาพ
วิทยาศาสตร์การแพทย์ และสุขภาพ
WS103 ย112ค ฉ.4 
  Barcode: 29105
ห้องสมุดวิทยาเขตนครสวรรค์
►หนังสือทั่วไป:l:General Books
บนชั้น
5. วิทยาศาสตร์การแพทย์ และสุขภาพ
วิทยาศาสตร์การแพทย์ และสุขภาพ
WS103 ย112ค ฉ.5 
  Barcode: 29106
ห้องสมุดวิทยาเขตนครสวรรค์
►หนังสือทั่วไป:l:General Books
บนชั้น

รายการใกล้เคียง
    ผู้แต่ง [ยะซึมิ,คะสึโอะ]

    หัวเรื่อง [เด็ก การดูแล]

BibComment


ยังไม่เคยถูกคอมเมนท์

คอมเมนท์ทรัพยากรรายการนี้
  คอมเมนท์: คู่มือดูแลเด็ก 3..


 Copyright 2026. Bcnsprnw @Library